03443 2201453 4500001002100000005001500021035002000036007000300056008004100059020002200100082001200122084002400134100001500158245005400173260003300227300001700260990001600277990001600293990001600309990001600325990001600341990001600357990001600373990001600389990001600405990001600421990001600437990001600453990001600469990001600485990001600501990001600517990001600533990001600549990001600565990001600581990001600597990001600613990001600629990001600645990001600661990001600677990001600693990001600709990001600725990001600741990001600757990001600773990001600789990001600805990001600821990001600837990001600853990001600869990001600885990001600901990001600917990001600933990001600949990001600965990001600981990001600997990001601013990001601029990001601045990001601061990001601077990001601093990001601109990001601125990001601141990001601157990001601173990001601189990001601205990001601221990001601237990001601253990001601269990001601285990001601301990001601317990001601333990001601349990001601365990001601381990001601397990001601413990001601429990001601445990001601461990001601477990001601493990001601509990001601525990001601541990001601557990001601573990001601589990001601605990001601621990001601637990001601653990001601669990001601685990001601701990001601717990001601733990001601749990001601765990001601781990001601797990001601813990001601829990001601845990001601861990001601877990001601893990001601909990001601925990001601941990001601957990001601973INLIS00000000000078720210802011715 a0010-0821000001ta210802 g 0 ind  a978-623-6687-55-0 a297.269 a297.269 SUL s c.1070 aKemenag RI1 aSejarah Kebudayaan Islam Kelas XI Madrasah Aliyah aJakarta :bKemenag RI,c2020 a155 ;c25 cm a2020/h/0005 a2020/h/0006 a2020/h/0007 a2020/h/0008 a2020/h/0009 a2020/h/0010 a2020/h/0011 a2020/h/0012 a2020/h/0013 a2020/h/0014 a2020/h/0015 a2020/h/0016 a2020/h/0017 a2020/h/0018 a2020/h/0019 a2020/h/0020 a2020/h/0021 a2020/h/0022 a2020/h/0023 a2020/h/0024 a2020/h/0025 a2020/h/0026 a2020/h/0027 a2020/h/0028 a2020/h/0029 a2020/h/0030 a2020/h/0031 a2020/h/0032 a2020/h/0033 a2020/h/0034 a2020/h/0035 a2020/h/0036 a2020/h/0037 a2020/h/0038 a2020/h/0039 a2020/h/0040 a2020/h/0041 a2020/h/0042 a2020/h/0043 a2020/h/0044 a2020/h/0045 a2020/h/0046 a2020/h/0047 a2020/h/0048 a2020/h/0049 a2020/h/0050 a2020/h/0051 a2020/h/0052 a2020/h/0053 a2020/h/0054 a2020/h/0055 a2020/h/0056 a2020/h/0057 a2020/h/0058 a2020/h/0059 a2020/h/0060 a2020/h/0061 a2020/h/0062 a2020/h/0063 a2020/h/0064 a2020/h/0065 a2020/h/0066 a2020/h/0067 a2020/h/0068 a2020/h/0069 a2020/h/0070 a2020/h/0071 a2020/h/0072 a2020/h/0073 a2020/h/0074 a2020/h/0075 a2020/h/0076 a2020/h/0077 a2020/h/0078 a2020/h/0079 a2020/h/0080 a2020/h/0081 a2020/h/0082 a2020/h/0083 a2020/h/0084 a2020/h/0085 a2020/h/0086 a2020/h/0087 a2020/h/0088 a2020/h/0089 a2020/h/0090 a2020/h/0091 a2020/h/0092 a2020/h/0093 a2020/h/0094 a2020/h/0095 a2020/h/0096 a2020/h/0097 a2020/h/0098 a2020/h/0099 a2020/h/0100 a2020/h/0101 a2020/h/0102 a2020/h/0103 a2020/h/0104 a2020/h/0105 a2020/h/0106 a2020/h/0107 a2020/h/0108 a2020/h/0109 a2020/h/0110 a2020/h/0111